000 00651nam a22002057a 4500
999 _c9412
_d9412
003 AR-CdUCM
008 190328b ||||| |||| 00| 0 spa d
040 _aMUNICIPALIDAD PROVINCIAL DEL CUSCO
_cBIBLIOTECA MUNICIPAL DEL CUSCO
082 _a869.56 /
_bSO66
100 _aSologuren, Javier
_95554
245 _aVida continua :
_b1944 - 1964 /
260 _aLima :
_bDe la rama florida y de la biblioteca universitaria,
_c1966.
300 _a166 paginas ;
_c18 cm.
500 _aDonación familia Nieto.
505 _aContenido :Poemas.
650 _aLiteratura peruana
_9169
650 _aPoesía peruana
_9806
942 _2ddc
_cLIBROS
945 _arum